Statistics for Famous People from Virginia by Picture

Click here to take the quiz!

General Stats

  • This quiz has been taken 20,329 times
    (6,883 since last reset)
  • The average score is 9 of 20

Answer Stats

Answer% Correct
George Washington
92%
Thomas Jefferson
88%
James Madison
67%
Robert E. Lee
64%
Sandra Bullock
63%
Pharrell Williams
62%
James Monroe
60%
Douglas MacArthur
59%
Arthur Ashe
53%
Bob Saget
46%
Allen Iverson
42%
Pocahontas
39%
Shirley MacLaine
34%
Warren Beatty
34%
Katie Couric
33%
Lawrence Taylor
32%
Justin Verlander
26%
Patsy Cline
26%
Dermot Mulroney
15%
Tom Wolfe
10%

Score Distribution

Percentile by Number Answered

Percent of People with Each Score

Your Score History

You have not taken this quiz since the last reset